000 00755nam a22002297a 4500
003 URS
005 20250429183223.0
020 _a9789719809326 (pbk.)
040 _bEnglish
_cURS
_erda
050 _aDS668
_b.T636 2018
100 _aTorres, Jose Victor,
_eauthor.
245 _aBatis :
_bsources in Philippine History /
_cJose Victor Torres.
264 _aQuezon, City :
_bC&E Publishing, Incorporated,
_c ©2018.
300 _aix, 231 pages :
_billustrations ;
_c26 cm.
336 _2rdacontent
_atext
_btxt
337 _2rdamedia
_aunmediated
_bn
338 _2rdacarrier
_avolume
_bnc
504 _aIncludes bibliographical references and index.
650 0 _aPhilippines
_xHistory.
650 0 _aPhilippines
_vPolitics and government.
942 _2lcc
_cF
999 _c12636
_d12636